01241nam a2200337 i 4500001000300000003000400003005001700007008003900024015001700063020001500080020001500095040001400110041001300124080000800137080001200145100004800157245018500205246002700390250002300417260004300440300003500483534005700518655003000575650001300605700002900618700004200647710003400689700004000723700004200763856009800805bgBPK20221221124522.0980313s1998 pl a f f |000 0 pol aPB 1998/2524 a8301116234 a8301116226 aWA NcBPK1 apolheng a330 a(075.8)1 aSamuelson, Paul Anthonyd(1915-2009)eAutor10aEkonomia.n[T.] 1 /cPaul A. Samuelson, William D. Nordhaus ; przekł. [z ang.] Helena Hagemejer i Krzysztof Hagemejer, Jan Czekaj ; przedmowę Od tłumaczy napisał K. Hagemejer.1 iTyt. oryg.:aEconomics a[Wyd. 1, dodr. 4]. aWarszawa :bWydaw. Naukowe PWN,c1998. a845, [1] s. :bwykr. ;c25 cm. pOryg. :aSamuelson, Paul Anthony.tEconomics.c1985. 4aPodręczniki akademickie 4aEkonomia1 aHagemejer, Helena.eTł.1 aHagemejer, Krzysztofd(1951- ).eTł.2 aWydawnictwo Naukowe PWN4pbl.1 aCzekaj, Jand(1950- )eTłumaczenie1 aNordhaus, William D.d(1941- )eAutor uhttp://koha.tu.koszalin.pl/cgi-bin/koha/opac-detail.pl?biblionumber=34627yKatalog online BPK